00453nam a22001577a 450000500170000001000150001702000110003203500140004303700130005708200080007010000210007824500640009926000340016327000640019730000340026120220727113859.0 aENG-134031 c290.00 aEN-117563 bDBAD/PUB a004 aChandrasekar, M. aFundamentals of computing and programming/cM. Chandrasekar aDindigulbAyyanar Pathippagam a14, Duddley School BuildingbDindigule624001k0451-2426561 a368p.c24cm(pbk)b References